Pokemon Dragon Type Moves in Alphabetical Order - Statistics

General Stats
  • This quiz has been taken 6 times
  • The average score is 14 of 27
Answer Stats
Answer % Correct
Dragon Claw
100%
Dragon Pulse
100%
Dragon Tail
100%
Draco Meteor
83%
Dragon Breath
83%
Dragon Dance
83%
Dragon Rush
83%
Outrage
83%
Twister
67%
Clanging Scales
50%
Devastating Drake
50%
Dragon Hammer
50%
Dragon Rage
50%
Dual Chop
50%
Dynamax Cannon
50%
Max Wyrmwind
50%
Breaking Swipe
33%
Clangorous Soul
33%
Clangorous Soulblaze
33%
Dragon Darts
33%
Dragon Energy
33%
Eternabeam
33%
Roar of Time
33%
Spacial Rend
33%
Core Enforcer
17%
G-Max Depletion
17%
Scale Shot
0%
No matching quizzes found
Score Distribution
Percent of People with Each Score
Percentile by Number Answered
Your Score History
You have not taken this quiz